000 00375nam a2200157Ia 4500
008 230711s9999||||xx |||||||||||||| ||und||
041 _aENG
082 _a624
100 _aBureau of Indian Standard
245 0 _aIS : 2720 Pt 10 1991
250 _a1st
260 _c1992
_aNew Delhi
_bBureau of Indian Standard
300 _a4
650 _aCivil Engineering
942 _cBK
999 _c4744
_d4744